LEADER 01305nam a2200325 a 4500 001 000000124781 003 CaOOAMICUS 005 20110323120240.0 008 110323s2007 it ad u000 u ita r 020 $a978-88-08-16742-2 040 $aPUL$bita 082 04$a808 100 1 $aGhiazza, Silvana.$0(OLS)http://pul/name/78822 245 13$aLe figure retoriche :$bparola e immagine /$cSilvana Ghiazza, Marisa Napoli. 260 $aBologna :$bZanichelli,$c©2007. 300 $aXXXIV, 350 p. :$bill., grafici ;$c24 cm 490 1 $aTesti e manuali 500 $aInclude indice. 504 $aBibliografia p. 342-346. 650 4$aRetorica.$0(OLS)http://pul/subject/5398 700 1 $aNapoli, Marisa.$0(OLS)http://pul/name/78823 830 0$aTesti e manuali (Zanichelli).$0(OLS)http://pul/title/157310 850 $aPUL 852 $aPUL$W1$xSL Cons. Gen., Altre Classi 3$y75$m808 GHISI 1$j143690$qDDC 21$B142702$CPULBib$Z2$F142702 $H116006 $82 941 1 $a9 996 $6020$a978-88-08-16742-2$9(OLS)http://pul/number/146744 996 $6082$a808$9(OLS)http://pul/classification/1650 996 $6245$aLe figure retoriche :$bparola e immagine$9(OLS)http://pul/title/157309 996 $6260$aBologna :$bZanichelli$9(OLS)http://pul/publisher/48255 LEADER 01320nam a2200289 a 4500 001 000000164981 003 CaOOAMICUS 005 20171215111829.0 008 171215s1988 it m u001 u ita r 032 $aLibriCat 040 $aPUL$bita 100 1 $aYoung Za, Lee.$0(OLS)http://pul/name/49805 245 13$aIl carattere sincronico dell'esegesi della creazione (Gen.1,1-2,4a) /$cLee Young Za. 260 $aRoma :$b[s.n.],$c1988. 300 $a130 p. ;$c24 cm. 490 1 $aCollectio Urbaniana ;$v3307 502 $aEstratto da tesi. Pontificia Universitas Urbaniana. Dogmatica. Facultas Theologiae. Sectio Biblica. 1988. 504 $aBibliografia in nota a pič pagina. 630 04$aBiblia.$pV.T.$pGenesis.$0(OLS)http://pul/subject/1483 710 2 $aPontificia Universitą Urbaniana.$bFacoltą di teologia$kTesi.$0(OLS)http://pul/name/81495 830 0$aCollectio Urbaniana ;$v3307.$0(OLS)http://pul/title/19325 850 $aPUL 852 $aPUL$W1$xDP1 Tesi Pon. Univ. Urbaniana$y49$mTH URB TH157$j189206$qTesi$B192297$CPULBib$Z2$F192297 $H60776 $82 941 1 $a16 996 $6245$aIl carattere sincronico dell'esegesi della creazione (Gen.1,1-2,4a)$9(OLS)http://pul/title/204671 996 $6260$aRoma :$b[s.n.]$9(OLS)http://pul/publisher/47958